000 00797nam a2200217Ii 4500
003 JO-AjNU
008 230605s9999||||xx |||||||||||||| ||und||
017 _a2014/7/3260
020 _a978-9957-597-06-1
040 _aJO-AjNU
_bara
_erda
_cJO-AjNU
041 _aara
050 1 4 _aD1065 2014
100 3 _aتاليف الزرو، نواف,
_eauthor
_950872
245 0 0 _aقراءات استراتيجية في مستقبل الصراع العربي - الصهيوني
264 3 1 _aعمان: فضاءات اانشر والتوزيع والطباعة، 2014
300 _a591ص
336 _atext
_btxt
_2rdacontent
337 _aunmediated
_bn
_2rdamedia
338 _avolume
_bnc
_2rdacarrier
650 4 _aالصهونية - النزاع العربي الاسرائيلي- تاريخ
_950873
999 _aA22436
_c26004
_d26004